| 000 | 01052nam a22002537a 4500 | ||
|---|---|---|---|
| 999 |
_c5682 _d5682 |
||
| 003 | OSt | ||
| 005 | 20251014110003.0 | ||
| 008 | 251014b ||||| |||| 00| 0 eng d | ||
| 020 |
_a9781474927802 _qbook set |
||
| 040 | _cKH8 | ||
| 082 | _aFIC CLA | ||
| 100 |
_aClaybourne, Anna, _eauthor. |
||
| 245 |
_aThe Shocking Story of Electricity / _cAnna Claybourne and illustrated by Kevin Hopgood. |
||
| 260 |
_aEngland ; _bUsborne Publishing Ltd , _c2007. |
||
| 300 |
_a64 pages : _bcolour illustrations ; _c20 cm. |
||
| 490 |
_aUsborne Young Reading _vseries two |
||
| 520 | _aNot so long ago there were no electrical inventions at all. No computers, no televisions... not even any light bulbs. Here you can read the fascinating story of electricity from the very beginning, when people first realized what electricity was- and just what it could do. | ||
| 650 |
_aEasy reading _vfiction |
||
| 650 |
_aStory book _vfiction |
||
| 650 | _aYoung readers | ||
| 700 |
_aHapgood, Kevin, _eillustrator. |
||
| 830 | _aUsborne Young Reading | ||
| 942 |
_2ddc _cFIC |
||